000
00323nam a2200133Ia 4500
008
100328s9999 xx 000 0 und d
082
_b
16142
100
_a
Hyde H. Montgornery
245
_a
The Quiet Canadia
260
_b
Hamish Hamilton
630
_a
The Quiet Canadia
730
_a
The Quiet Canadia
942
_c
BOOK
999
_c
510863
_d
510860